Propuesta de sistema tratamiento de desechos sólidos en el Departamento de Carazo
El presente proyecto expone las soluciones prácticas y modernas a una de las problemáticas más comunes en el departamento, como es el tratamiento de los desechos sólidos. Con este Software se pretende sensibilizar a la población acerca de la importancia del manejo apropiado de la basura.
| Main Author: | |
|---|---|
| Other Authors: | |
| Format: | Tesis Section = Libro |
| Language: | Undetermined Spanish |
| Published: |
Managua
UNI
2011
|
| Subjects: |
| LEADER | 01065nam a2200241Ia 4500 | ||
|---|---|---|---|
| 008 | 240830s9999 xx 000 0 und d | ||
| 040 | |a BIBLIOTECA-RUSB/ T.Mon 005.71 A367 | ||
| 041 | |a spa | ||
| 082 | |a T.Mon 005.71 A367 | ||
| 100 | 1 | |a Alemán Arce, Luz Keyling | |
| 245 | 1 | 0 | |a Propuesta de sistema tratamiento de desechos sólidos en el Departamento de Carazo |
| 260 | |a Managua |b UNI |c 2011 | ||
| 300 | |a 48 p. :il. | ||
| 502 | |a Tesis (Ingeniero en Computación) - UNI, 2011. | ||
| 520 | 3 | |a El presente proyecto expone las soluciones prácticas y modernas a una de las problemáticas más comunes en el departamento, como es el tratamiento de los desechos sólidos. Con este Software se pretende sensibilizar a la población acerca de la importancia del manejo apropiado de la basura. | |
| 650 | 7 | |a TRATAMIENTO DE DESECHOS SOLIDOS | |
| 650 | 7 | |b COMUNICADION DE DATOS | |
| 650 | 7 | |c DESAROLLO DE SOFTWARE | |
| 650 | 7 | |d INGENIERIA DE SOFTWARE EDUCATIVO | |
| 700 | 1 | |a Tutor: |b Nororí Paguaga, Verónica | |
| 942 | |c BK |2 ddc | ||
| 991 | |a TESIS | ||
| 999 | |c 21601 | ||